Midnight sun (Record no. 9007)

MARC details
000 -LEADER
fixed length control field 00509nam a22001457a 4500
008 - FIXED-LENGTH DATA ELEMENTS--GENERAL INFORMATION
fixed length control field 220607b |||||||| |||| 00| 0 eng d
020 ## - INTERNATIONAL STANDARD BOOK NUMBER
International Standard Book Number 9780349003634
082 ## - DEWEY DECIMAL CLASSIFICATION NUMBER
Classification number FIC 813.6 MEY 2020
100 ## - MAIN ENTRY--PERSONAL NAME
Personal name Meyer, Stephenie
245 ## - TITLE STATEMENT
Title Midnight sun
260 ## - PUBLICATION, DISTRIBUTION, ETC.
Place of publication, distribution, etc. London :
Name of publisher, distributor, etc. Atom,
Date of publication, distribution, etc. 2020.
300 ## - PHYSICAL DESCRIPTION
Extent 756 p.
Dimensions 22 cm.
650 ## - SUBJECT ADDED ENTRY--TOPICAL TERM
Topical term or geographic name entry element Swan, Bella (Fictitious character) -- Fiction; Cullen, Edward (Fictitious character) -- Fiction; Vampires -- Fiction; Paranormal romance stories; Young adult fiction
942 ## - Added entry Elements (Koha)
Source of classification or shelving scheme Dewey Decimal Classification
Holdings
Withdrawn status Lost status Source of classification or shelving scheme Damaged status Not for loan Collection code Home library Current library Shelving location Date acquired Serial Enumeration / chronology Total Checkouts Total Renewals Full call number Barcode Date last seen Date last checked out Price effective from Koha item type
    Dewey Decimal Classification     Fiction RTC Library RTC Library Fiction 07/06/2022 16447 4 8 FIC 813.6 MEY 2020 30015426 10/09/2025 29/08/2025 07/06/2022 Fiction
Royal Thimphu College || All Right Reserved